000 01526cam a2200361 a 4500
005 20260322212032.0
008 data
010 _a 2008050493
020 _a9780439023498 (alk. paper)
020 _a0439023491 (alk. paper)
040 _aDLC
_cDLC
_dDLC
042 _alcac
050 0 0 _aPZ7.C6837
_bCat 2009
082 0 0 _a[Fic]
_222
099 _aCOLLIS
100 1 _aCollins, Suzanne.
245 1 0 _aCatching fire /
_cSuzanne Collins.
250 _a1st ed.
260 _aNew York :
_bScholastic Press,
_c2009.
300 _a391 p. ;
_c22 cm.
490 0 _aThe Hunger Games trilogy ;
_vbk. 2
520 _aBy winning the annual Hunger Games, District 12 tributes Katniss Everdeen and Peeta Mellark have secured a life of safety and plenty for themselves and their families, but because they won by defying the rules, they unwittingly become the faces of an impending rebellion.
650 1 _aInsurgency
_vFiction.
650 1 _aSurvival
_vFiction.
650 1 _aTelevision programs
_vFiction.
650 1 _aInterpersonal relations
_vFiction.
650 1 _aContests
_vFiction.
650 1 _aScience fiction.
906 _a7
_bcbc
_corignew
_d1
_eecip
_f20
_gy-gencatlg
925 0 _aacquire
_b2 shelf copies
_xpolicy default
955 _dxc05 2008-12-16
_exc05 2008-12-16 to CIP;
_frg04 2010-01-26 (2 copies) to CALM
001 data
999 _c738
_d738